|
|
|
|
| LEADER |
00000nam0a2200000 4500 |
| 001 |
244548 |
| 005 |
20231031210852.0 |
| 010 |
|
|
|b 3000 экз.
|
| 035 |
|
|
|a (RuTPU)RU\TPU\book\265936
|
| 090 |
|
|
|a 244548
|
| 100 |
|
|
|a 20131023d1931 m y0rusy50 ca
|
| 101 |
0 |
|
|a rus
|
| 102 |
|
|
|a RU
|
| 105 |
|
|
|a af z 001zy
|
| 200 |
1 |
|
|a Материалы к методике буровых работ для целей водоснабжения
|e Часть I
|f Г. Я. Мейер
|g СССР, Всесоюзное геологоразведочное объединение ; под ред. А. Д. Воскресенского и Н. Ю. Ган
|
| 210 |
|
|
|a Москва
|c Геологическое изд-во ВГРО
|d 1931
|a Ленинград
|
| 215 |
|
|
|a 246 с.
|c ил.
|
| 317 |
|
|
|5 63413507: 179472
|a Поступила в НТБ в 1940 г. в составе книжного собрания академика М. А. Усова.
|
| 320 |
|
|
|a Библиогр.: с. 246.
|
| 610 |
1 |
|
|a буровые работы
|
| 610 |
1 |
|
|a водоснабжение
|
| 610 |
1 |
|
|a выполнение
|
| 610 |
1 |
|
|a библиотека М. А. Усова
|
| 610 |
1 |
|
|a методика
|
| 675 |
|
|
|a 622.24
|v 3
|
| 700 |
|
1 |
|a Мейер
|b Г. Я.
|
| 702 |
|
1 |
|a Воскресенский
|b А. Д.
|4 340
|
| 702 |
|
1 |
|a Ган
|b Н. Ю.
|4 340
|
| 712 |
0 |
1 |
|a СССР
|b Всесоюзное геологоразведочное объединение (Союзгеологоразведка)
|c (1931-1933)
|2 stltpush
|3 (RuTPU)RU\TPU\col\18435
|
| 801 |
|
1 |
|a RU
|b 63413507
|c 20131023
|
| 801 |
|
2 |
|a RU
|b 63413507
|c 20150320
|g RCR
|
| 942 |
|
|
|c BK
|